Представление документа в формате RUSMARC

ПолеНазваниеЗначение
  Тип записи c
  Библиографический уровень m
001 Контрольный номер RU/УОНБ/EK_N/684335001
005 Дата корректировки 20251120104437.4
010 Индекс ISBN __
9 Тираж 50000 экз.
013 Номер (ISMN) __
d Цена 1 р.
071 Издательские номер (звукозапись и ноты) 21
a Номер, присвоенный агентством 5701
100 Данные общей обработки __
a Данные общей обработки 20210907d1981 d y0rusy0189||||ca
101 Язык документа 0_
a Язык текста rus
f Язык титульного листа rus
102 Страна публикации __
a Страна публикации RU
105 Кодированные данные (монография) __
a Кодированные данные (монография) y###||||000|y
125 Кодированные данные звукозаписи и нотных изданий __
a Форма изложения нотного текста с|
128 Кодированные данные (звукозаписи-физические характеристики) __
a Кодированные данные: Музыкальная форма и тональность или лад zz
b Инструменты или голоса, необходимые для ансамблей (устаревшее) cd||
200 Заглавие и сведения об ответственности 1_
a Заглавие Вып. 8
f Первые сведения об ответственности сост. И. Бабичев и И. Зикс
210 Выходные данные 1_
d Дата издания 1981
215 Физическое описание __
a Объем 72 с.
327 Примечание о содержании 11
a Примечание о содержании Содерж. : Смело, друзья, не теряйте : старая революц. песня / обраб. А. Давиденко ; сл. М. Михайлова. - Наш паровоз : революц. песня / обраб. И. Зикса ; сл. Б. Скорбина. - Молодая гвардия : комсом. песня / обраб. Л. Шульгина ; сл. А. Безыменского. - Подельский Г. Мы твои, революция! / сл. Л. Дербенёва. - Новиков А. Гимн демократической молодёжи ; Дороги / сл. Л. Ошанина. - Мурадели В. Мы будем петь о мире / сл. С. Острового ; Бухенвальский набат / сл. А. Соболева. - Локтев В. Родная страна / сл. О. Высотской ; Песня и пляска юных моряков / сл. В. Локтева. - Шостакович Д. Песня о встречном / сл. Б. Корнилова. - Туликов С. Ленин всегда с тобой / сл. Л. Ошанина. - Пахмутова А. Надо мечтать / сл. С. Гребенникова и Н. Добронравова ; Звездопад / сл. Н. Добронравова. - Будашкин Н. Шуми, моя нива / сл. Ф. Кравченко. - Струве Г. Полонез дружбы / сл. В. Викторова. - Чичков Ю. Когда собирается молодость мира / сл. К. Ибряева ; Запишите меня в комсомол / сл. В. Котова. - Островский А. На то нам юность дана / сл. О. Фадеевой ; Дружба / сл. С. Гребенникова и Н. Добронравова. - Бойко Р. Пионерский вожатый / сл. Л. Кондрашенко. - Аедоницкий А. Пионерские годы / сл. М. Лисянского. - Присс Л. Целой жизни равен день / сл. Ю. Кушака. - Кабалевский Д. Счастье / сл. О. Высотской. - Жуковский Г. Караваны птиц надо мной летят : из кф. "Без вести пропавший" / сл. А. Фатьянова. - Судариков А. Дорогой друг / сл. Н. Грудининой. - Соловьёв-Седой В. Баллада о солдате / сл. М. Матусовского. - Мокроусов Б. Заветный камень / сл. А. Жарова. - Блантер М. Солнце скрылось за горою / сл. А. Коваленкова. - Молчанов К. Помни / сл. А. Досталя. - Фрадкин М. Песня о Днепре / сл. Е. Долматовского. - У зари-то, у зореньки : рус. нар. песня / обраб. И. Зикса. - Среди цветов : яп. нар. песня / обраб. В. Локтева. - Варламов А. Горные вершины / сл. М. Лермонтова ; пер. А. Луканина. - Вебер К. Песня охотника / сл. Ф. Шиллера ; пер. Б. Светличного. - Сматек М. Зимняя ча-ча-ча / рус. текст К. Алемасовой.
461 Уровень набора _0
1 001RU/УОНБ/EK_N/683901462
1 200
a Пение в школе
b Ноты
e в сопровожд. баяна или аккордеона
e пособие для учителя
v Вып. 8
1 210
a М.
c Советский композитор
d 1974 -
464 Аналитический уровень _0
1 2001
a Смело, друзья, не теряйте
e Смело, друзья, не теряйте...
e старая революц. песня
1 702 1
a Давиденко
b А.
4 030
1 702 1
a Михайлов
b М.
4 520
464 Аналитический уровень _0
1 2001
a Наш паровоз
e революц. песня
1 702 1
a Зикс
b И.
4 030
1 702 1
a Скорбин
b Б.
4 520
464 Аналитический уровень _0
1 2001
a Молодая гвардия
e Вперёд, заре навстречу...
e комсом. песня
1 702 1
a Шульгин
b Л.
4 030
1 702 1
a Безыменский
b А.
4 520
464 Аналитический уровень _0
1 2001
a Мы твои, революция!
e Пусть за долю мы лучшую...
1 700 1
a Подельский
b Г.
1 702 1
a Дербенёв
b Л.
4 520
464 Аналитический уровень _0
1 2001
a Гимн демократической молодёжи
e Дети разных народов...
1 700 1
a Новиков
b А.
1 702 1
a Ошанин
b Л.
4 520
464 Аналитический уровень _0
1 2001
a Мы будем петь о мире
e На свете много разных стран...
1 700 1
a Мурадели
b В.
1 702 1
a Островой
b С.
4 520
464 Аналитический уровень _0
1 2001
a Родная страна
e Широка и привольна...
1 700 1
a Локтев
b В.
1 702 1
a Высотская
b О.
4 520
464 Аналитический уровень _0
1 2001
a Песня о встречном
e Нас утро встречает прохладой...
1 700 1
a Шостакович
b Д.
1 702 1
a Корнилов
b Б.
4 520
464 Аналитический уровень _0
1 2001
a Ленин всегда с тобой
e День за днём идут года...
1 700 1
a Туликов
b С.
1 702 1
a Ошанин
b Л.
4 520
464 Аналитический уровень _0
1 2001
a Надо мечтать
e Мысли пытливой нашей полёт...
1 700 1
a Пахмутова
b А.
1 702 1
a Гребенников
b С.
4 520
1 702 1
a Добронравов
b Н.
4 520
464 Аналитический уровень _0
1 2001
a Шуми, моя нива
e Шуми, моя нива родная...
1 700 1
a Будашкин
b Н.
1 702 1
a Кравченко
b Ф.
4 520
464 Аналитический уровень _0
1 2001
a Полонез дружбы
e Дети разных стран земли...
1 700 1
a Струве
b Г.
1 702 1
a Викторов
b В.
4 520
464 Аналитический уровень _0
1 2001
a Когда собирается молодость мира
e Когда собирается молодость мира...
1 700 1
a Чичков
b Ю.
1 702 1
a Ибряев
b К.
4 520
464 Аналитический уровень _0
1 2001
a На то нам юность дана
e Хороши вы, годы молодые...
1 700 1
a Островский
b А.
1 702 1
a Фадеева
b О.
4 520
464 Аналитический уровень _0
1 2001
a Пионерский вожатый
e Летят журавли вереницей...
1 700 1
a Бойко
b Р.
1 702 1
a Кондрашенко
b Л.
4 520
464 Аналитический уровень _0
1 2001
a Пионерские годы
e Прошли пионерские годы...
1 700 1
a Аедоницкий
b А.
1 702 1
a Лисянский
b М.
4 520
464 Аналитический уровень _0
1 2001
a Целой жизни равен день
e Поверните ключ скрипичный...
1 700 1
a Присс
b Л.
1 702 1
a Кушак
b Ю.
4 520
464 Аналитический уровень _0
1 2001
a Счастье
e Весенний день, сирень, сирень...
1 700 1
a Кабалевский
b Д.
1 702 1
a Высотская
b О.
4 520
464 Аналитический уровень _0
1 2001
a Караваны птиц надо мной летят
e Караваны птиц надо мной летят...
e из кф. "Без вести пропавший"
1 700 1
a Жуковский
b Г.
1 702 1
a Фатьянов
b А.
4 520
1 50010
a Без вести пропавший
464 Аналитический уровень _0
1 2001
a Дорогой друг
e Музыка - чудесная работа...
1 700 1
a Судариков
b А.
1 702 1
a Грудинина
b Н.
4 520
464 Аналитический уровень _0
1 2001
a Баллада о солдате
e Полем, вдоль берега крутого...
1 700 1
a Соловьёв-Седой
b В.
1 702 1
a Матусовский
b М.
4 520
464 Аналитический уровень _0
1 2001
a Заветный камень
a Черноморская легенда
e Холодные волны вздымает лавиной...
1 700 1
a Мокроусов
b Б.
1 702 1
a Жаров
b А.
4 520
464 Аналитический уровень _0
1 2001
a Солнце скрылось за горою
e Солнце скрылось за горою...
1 700 1
a Блантер
b М.
1 702 1
a Коваленков
b А.
4 520
464 Аналитический уровень _0
1 2001
a Помни
e Помни, как гремели орудий раскаты...
1 700 1
a Молчанов
b К.
1 702 1
a Досталь
b А.
4 520
464 Аналитический уровень _0
1 2001
a Песня о Днепре
e У прибрежных лоз...
1 700 1
a Фрадкин
b М.
1 702 1
a Долматовский
b Е.
4 520
464 Аналитический уровень _0
1 2001
a У зари-то, у зореньки
e У зари-то, у зореньки...
e рус. нар. песня
1 702 1
a Зикс
b И.
4 030
464 Аналитический уровень _0
1 2001
a Среди цветов
e Расцвели опять тюльпаны...
e яп. нар. песня
1 702 1
a Локтев
b В.
4 030
464 Аналитический уровень _0
1 2001
a Горные вершины
e Горные вершины спят во тьме ночной...
1 700 1
a Варламов
b А.
1 702 1
a Лермонтов
b М.
4 520
1 702 1
a Луканин
b А.
4 730
464 Аналитический уровень _0
1 2001
a Песня охотника
e С луком и стрелою...
1 700 1
a Вебер
b К.
1 702 1
a Шиллер
b Ф.
4 520
1 702 1
a Светличный
b Б.
4 730
464 Аналитический уровень _0
1 2001
a Зимняя ча-ча-ча
e Вновь звучит напев весёлый...
1 700 1
a Сматек
b М.
1 702 1
a Алемасова
b К.
4 730
464 Аналитический уровень _0
1 2001
a Дороги
e Эх, дороги... Пыль да туман...
1 700 1
a Новиков
b А.
1 702 1
a Ошанин
b Л.
4 520
464 Аналитический уровень _0
1 2001
a Бухенвальский набат
e Люди мира, на минуту встаньте...
1 700 1
a Мурадели
b В.
1 702 1
a Соболев
b А.
4 520
464 Аналитический уровень _0
1 2001
a Песня и пляска юных моряков
e Любим мы волну морскую...
1 700 1
a Локтев
b В.
1 702 1
a Локтев
b В.
4 520
464 Аналитический уровень _0
1 2001
a Звездопад
e С неба лиловые падают звёзды...
1 700 1
a Пахмутова
b А.
1 702 1
a Добронравов
b Н.
4 520
464 Аналитический уровень _0
1 2001
a Запишите меня в комсомол
e На далёкой гражданской отец твой...
1 700 1
a Чичков
b Ю.
1 702 1
a Котов
b В.
4 520
464 Аналитический уровень _0
1 2001
a Дружба
e Как хорошо, что дружба есть на свете...
1 700 1
a Островский
b А.
1 702 1
a Гребенников
b С.
4 520
1 702 1
a Добронравов
b Н.
4 520
512 Заглавие обложки 1_
a Заглавие обложки Пение в школе
606 Тематические рубрики 0_
a Основная рубрика Песни детские
x Основная подрубрика Учебные пособия
610 Ключевые слова 0_
a Ключевые слова песни детские
610 Ключевые слова 0_
a Ключевые слова учебные пособия
686 Индексы других классификаций __
a Классификационный индекс 85.98я71
2 Код системы rubbk
702 Вторичная интеллектуальная ответственность _1
a Фамилия Зикс
b Имя (инициалы) И.
4 Код отношения 220
702 Вторичная интеллектуальная ответственность _1
a Фамилия Бабичев
b Имя (инициалы) И.
4 Код отношения 220
801 Источник записи _0
a Страна RU
b Организация Ульяновская ОНБ
c Дата составления 20210907
g Правила каталогизации RCR
801 Источник записи _1
a Страна RU
b Организация Ульяновская ОНБ
c Дата составления 20210907
g Правила каталогизации RCR
901 Тип документа __
t Тип документа n
w Контрольный № источника RU/УОНБ/EK_N/683901462
909 Создатель записи __
a Создатель записи Лобина Л. И.
938 Служебная информация __
a Имя БД noti
b Имя библиотеки УОНБ
c Имя АИБС МАРК-SQL
d Номер DOC_ID в БД 24502